Optical fiber communications : Principles and practice /

Na minha lista:
Detalhes bibliográficos
Autor principal: Senior, John M (Author)
Formato: Livro
Idioma:inglês
Publicado em: New York : Prentice Hall, 1992
Edição:1.vyd.
Assuntos:
Tags: Adicionar Tag
Sem tags, seja o primeiro a adicionar uma tag!

MARC

LEADER 00000nam a22000003a 4500
001 stu4130
005 20150617225810.2
008 960229s1992----xxu-----------------eng-d
020 |a 0-13-635426-2 
040 |a STU  |b slo 
041 0 |a eng 
044 |a xxu 
080 |a 621.372.8.09 
080 |a 535.2  |7 A000003303 
080 |a 621.391.63 
080 |a 621.383 
080 |a 681.7.068 
084 |a A4280S  |2 INS 
084 |a A4281  |2 INS 
084 |a B6260  |2 INS 
084 |a B4125  |2 INS 
084 |a B4130  |2 INS 
100 1 |a Senior, John M  |4 aut 
245 1 |a Optical fiber communications :  |b Principles and practice /  |c [aut.] Senior,John M 
250 |a 1.vyd. 
260 |a New York :  |b Prentice Hall,  |c 1992 
300 |a 922 s 
650 7 |a optické komunikácie  |2 stusub 
650 7 |a optické vlákna  |2 stusub 
650 7 |a vláknová optika  |2 stusub 
650 7 |a optoelektronika  |2 stusub 
996 |b E80460  |c E*80460  |l EE05  |s P  |a 0  |w stu4130_0001